University by clue - Statistics

General Stats
  • This quiz has been taken 31 times
  • The average score is 17 of 25
Answer Stats
Clue Uni/College % Correct
1) Notoriously prestigious Boston Ivy League university, one of the oldest in America Harvard
100%
8) Notoriously rigorous Ivy League college inNew Haven, CT Yale
97%
6) Prominent research university in Durham, NC, home to the Blue Devils Duke
84%
5) Prominent research university in Palo Alto, CA Stanford
84%
23) Prominent Ivy League research uni in Hanover, NH Dartmouth
81%
16) Home to the Gators of Gainesville Florida
77%
12) Referred to often as "The U". Their nameis the Hurricanes Miami
77%
2) Most prominent Mormon university Brigham Young
74%
22) Home to the Fighting Irish of South Bend, IN Notre Dame
74%
10) Known as the Sun Devils of Tempe Arizona State
68%
19) Columbus uni, longtime rivals to the above Ohio State
68%
11) Powerhouse football university located in Tuscaloosa Alabama
65%
18) Tom Brady played for this powerhouse school Michigan
65%
7) Fierce rival of the above, located in Chapel Hill North Carolina
65%
21) Home to the Sooners of Norman Oklahoma
65%
3) Their mascot is the Horned Frogs Texas Christian
65%
17) Lubbock, TX school home to the Red Raiders Texas Tech
65%
14) Phenom Paige Bueckers plays forthis basketball powerhouse university Uconn
61%
24) Home to the Mountaineers of Morgantown West Virginia
61%
25) This Idaho school features a bright blue football field Boise State
55%
15) Their mascot is the Demon Deacons Wake Forest
55%
13) University home to "Coach Prime" Deion Sanders Colorado
52%
9) Though located in Omaha, NE, this universityis in the Big East conference Creighton
48%
20) Bills QB Josh Allen was drafted out of this university Wyoming
45%
4) Current school of basketball phenom Juju Watkins USC
42%
No matching quizzes found
Score Distribution
Percent of People with Each Score
Percentile by Number Answered
Your Score History
You have not taken this quiz